[Event "ESP-ch FEDC 29th"]
[Site "San Fernando"]
[Date "2020.11.21"]
[Round "5"]
[White "Rodriguez Gonzalez, Jaime"]
[Black "Garcia Diaz, Jose"]
[Result "1-0"]
[WhiteElo "1467"]
[BlackElo "1485"]
[PlyCount "59"]
[EventDate "2020.11.17"]
[EventType "swiss"]
[EventRounds "7"]
[EventCountry "ESP"]
[SourceTitle "EXT 2024"]
[Source "ChessBase"]
[SourceDate "2023.10.10"]
[SourceVersion "1"]
[SourceVersionDate "2023.10.10"]
[SourceQuality "1"]

1. d4 d5 2. Bf4 Bf5 3. Nf3 Nf6 4. e3 e6 5. Nbd2 Nbd7 6. c3 Bd6 7. Bg3 Bxg3 8. hxg3 h6 9. Ne5 Nxe5 10. dxe5 Nd7 11. f4 c6 12. g4 Bh7 13. Nf3 Qb6 14. Qd2 Nc5 15. Nd4 Ne4 16. Qc1 Ng3 17. Rh3 Nxf1 18. Kxf1 c5 19. Nf3 Bd3+ 20. Kf2 Ke7 21. Qd2 c4 22. Rah1 f6 23. exf6+ gxf6 24. Rxh6 Rxh6 25. Rxh6 Rg8 26. g5 Rg6 27. Rxg6 Bxg6 28. gxf6+ Kxf6 29. Ne5 Be4 30. Nd7+ 1-0

[Event "Almunecar FEDC op 23th"]
[Site "Almunecar"]
[Date "2019.10.02"]
[Round "5"]
[White "Rodriguez Gonzalez, Jaime"]
[Black "Garcia Diaz, Jose"]
[Result "1/2-1/2"]
[WhiteElo "1444"]
[BlackElo "1536"]
[PlyCount "24"]
[EventDate "2019.09.28"]
[EventType "swiss"]
[EventRounds "7"]
[EventCountry "ESP"]
[SourceTitle "EXT 2024"]
[Source "ChessBase"]
[SourceDate "2023.10.10"]
[SourceVersion "1"]
[SourceVersionDate "2023.10.10"]
[SourceQuality "1"]

1. e4 d6 2. d4 g6 3. Nf3 Bg7 4. Bc4 e6 5. Nc3 a6 6. 0-0 Ne7 7. Re1 0-0 8. Rb1 b5 9. Bb3 Bb7 10. Ng5 h6 11. Nf3 c6 12. a3 Kh7 1/2-1/2

[Event "Almunecar FEDC op 21th"]
[Site "Almunecar"]
[Date "2018.10.05"]
[Round "4"]
[White "Garcia Diaz, Jose"]
[Black "Pichel Jallas, Juan Jose"]
[Result "1/2-1/2"]
[WhiteElo "1516"]
[BlackElo "1781"]
[PlyCount "50"]
[EventDate "2018.10.02"]
[EventType "swiss"]
[EventRounds "7"]
[EventCountry "ESP"]
[SourceTitle "EXT 2024"]
[Source "ChessBase"]
[SourceDate "2023.10.10"]
[SourceVersion "1"]
[SourceVersionDate "2023.10.10"]
[SourceQuality "1"]

1. d4 f5 2. g3 Nf6 3. Bg2 e6 4. e3 Be7 5. Nc3 d6 6. Nh3 0-0 7. 0-0 Qe8 8. Nf4 c6 9. e4 e5 10. dxe5 dxe5 11. Nd3 fxe4 12. Nxe4 Nxe4 13. Bxe4 Bf6 14. Bd2 Bh3 15. Re1 Nd7 16. Nf4 Be6 17. Nxe6 Qxe6 18. Qh5 g6 19. Qe2 Rae8 20. Bd3 Kg7 21. Bc4 Qd6 22. Rad1 Qc7 23. Bb4 c5 24. Bc3 a6 25. a4 Nb8 1/2-1/2

[Event "Benidorm FEDC op 20th"]
[Site "Benidorm"]
[Date "2018.06.13"]
[Round "4"]
[White "Menor de Gaspar, Juan Antonio"]
[Black "Garcia Diaz, Jose"]
[Result "0-1"]
[WhiteElo "1054"]
[BlackElo "1515"]
[PlyCount "44"]
[EventDate "2018.06.10"]
[EventType "swiss"]
[EventRounds "7"]
[EventCountry "ESP"]
[SourceTitle "CBM 184 Extra"]
[Source "ChessBase"]
[SourceDate "2018.06.28"]
[SourceVersion "1"]
[SourceVersionDate "2018.06.28"]
[SourceQuality "1"]

1. e4 c5 2. Nc3 g6 3. Bc4 e6 4. Nf3 Nc6 5. 0-0 Bg7 6. e5 Nxe5 7. Nxe5 Bxe5 8. d4 cxd4 9. Qxd4 Bxd4 10. Ne4 d5 11. Rd1 Be5 12. Bb5+ Kf8 13. Bg5 f6 14. Nxf6 Nxf6 15. f4 Qb6+ 16. Kf1 Qxb5+ 17. Kf2 Ne4+ 18. Kf3 Nxg5+ 19. fxg5 Kg7 20. a4 Rf8+ 21. Kg4 Qe2+ 22. Kh4 Qh5# 0-1

[Event "Almunecar FEDC op 19th"]
[Site "Almunecar"]
[Date "2017.09.30"]
[Round "1.1"]
[White "Garcia Diaz, Jose"]
[Black "Septien Lopez, Valeriano"]
[Result "0-1"]
[WhiteElo "1467"]
[BlackElo "1873"]
[PlyCount "78"]
[EventDate "2017.09.30"]
[EventType "swiss"]
[EventRounds "7"]
[EventCountry "ESP"]
[SourceTitle "EXT 2024"]
[Source "ChessBase"]
[SourceDate "2023.10.10"]
[SourceVersion "1"]
[SourceVersionDate "2023.10.10"]
[SourceQuality "1"]

1. e4 c5 2. Nc3 Nc6 3. Nf3 g6 4. d4 cxd4 5. Nxd4 Bg7 6. Nxc6 bxc6 7. Bd2 e6 8. Be2 d5 9. exd5 cxd5 10. Bb5+ Bd7 11. Bxd7+ Qxd7 12. 0-0 Ne7 13. Rb1 0-0 14. Qc1 Rfc8 15. Ne2 Nf5 16. Ng3 Nd6 17. c3 h5 18. Bh6 f5 19. Bxg7 Qxg7 20. Qe3 Qf6 21. f4 Nc4 22. Qd3 Rab8 23. Rf2 Rb6 24. b3 Nd6 25. Rc1 h4 26. Nf1 Ne4 27. Rfc2 Rbc6 28. c4 Nc5 29. Qe3 d4 30. Qe5 Qxe5 31. fxe5 Ne4 32. Rd1 Rd8 33. Rd3 Rc5 34. Nd2 Rxe5 35. Nf3 Rc5 36. Rxd4 Rcc8 37. h3 Rxd4 38. Nxd4 Rd8 39. Ne2 Rd1+ 0-1

[Event "Almunecar FEDC op 17th"]
[Site "Almunecar"]
[Date "2016.09.30"]
[Round "6"]
[White "Casado Martin, Antonio"]
[Black "Garcia Diaz, Jose"]
[Result "0-1"]
[WhiteElo "1368"]
[BlackElo "1474"]
[PlyCount "57"]
[EventDate "2016.09.25"]
[EventType "swiss"]
[EventRounds "7"]
[EventCountry "ESP"]
[SourceTitle "EXT 2017"]
[Source "ChessBase"]
[SourceDate "2016.10.25"]
[SourceVersion "1"]
[SourceVersionDate "2016.10.25"]
[SourceQuality "1"]

1. e4 d5 2. exd5 Qxd5 3. Nc3 Qd6 4. Nf3 Bg4 5. h3 Bh5 6. d3 h6 7. Ne4 Qb6 8. b3 Nf6 9. Be3 Qa5+ 10. Bd2 Qb6 11. Be3 Qe6 12. Nc5 Qc8 13. Be2 b6 14. Ne4 Bg6 15. Nh4 Bxe4 16. dxe4 g5 17. Nf5 Nxe4 18. Qd5 e6 19. Qxa8 Bb4+ 20. Kf1 exf5 21. Bb5+ Kf8 22. Rd1 Nd6 23. Bd3 Kg7 24. Bd4+ f6 25. Qxa7 Nc6 26. Qa4 Nxd4 27. Qxb4 Ne6 28. Qa4 Re8 29. c3 0-1

[Event "Almunecar FEDC op 17th"]
[Site "Almunecar"]
[Date "2016.09.28"]
[Round "4"]
[White "Garcia Diaz, Jose"]
[Black "Garcia Lorenzo, Jaime"]
[Result "1/2-1/2"]
[WhiteElo "1474"]
[BlackElo "1169"]
[PlyCount "65"]
[EventDate "2016.09.25"]
[EventType "swiss"]
[EventRounds "7"]
[EventCountry "ESP"]
[SourceTitle "EXT 2017"]
[Source "ChessBase"]
[SourceDate "2016.10.25"]
[SourceVersion "1"]
[SourceVersionDate "2016.10.25"]
[SourceQuality "1"]

1. e4 d6 2. Nf3 Nf6 3. d3 g6 4. Be2 Bg7 5. 0-0 0-0 6. Nc3 e5 7. Bg5 Be6 8. d4 exd4 9. Nxd4 Bd7 10. f3 c5 11. Ndb5 Qb6 12. Nxd6 Qxb2 13. Ncb5 Bxb5 14. Nxb5 Qe5 15. f4 Qe7 16. e5 Rd8 17. Qc1 Rd7 18. exf6 Qxe2 19. fxg7 Rd2 20. Qxd2 Qxd2 21. Nc7 Kxg7 22. Nxa8 Na6 23. h4 f6 24. Rad1 Qe3+ 25. Kh1 fxg5 26. Rd7+ Kh6 27. fxg5+ Kh5 28. Rxh7+ Kg4 29. Rf3 Qe1+ 30. Kh2 Qe5+ 31. Kg1 Qe1+ 32. Kh2 Qe5+ 33. Kg1 1/2-1/2